Statistics for Logical Sequences #2

Click here to take the quiz!

General Stats

  • This quiz has been taken 699 times
  • The average score is 5 of 15

Answer Stats

HintsHintsAnswer% Correct
Village >>>Town >>>CityHuman settlements
84%
Wheat >>>Flour >>>BreadMaking bread process: stages
83%
Mandarin >>>Spanish >>>EnglishMost spoken languages by number of native speakers
63%
Philosopher's (Sorcerer's) Stone >>>Chamber of Secrets >>>Prisoner of AzkabanThe first three Harry Potter books
52%
Trisyllable >>>Disyllable >>>MonosyllableNumber of syllables
47%
Kingdom >>>Phylum >>>ClassThree ranks of the biological classification
38%
Cardinal >>>Patriarch >>>PopeHierarchy of the Catholic Church
36%
Harry Truman >>>Dwight Eisenhower >>>John F. KennedyUSA Presidents (1945 - 1963)
35%
Dawn >>>Twilight >>>SunriseSequential stages of the day
12%
Columbia >>>Challenger >>>DiscoveryThree space shuttles by first flight date
11%
Chicago Bulls >>>Minneapolis/LA Lakers >>>Boston CelticsTeams with more NBA Championships
8%
Esophagus >>>Stomach >>>DuodenumUpper gastrointestinal tract
8%
Cruzeiro >>>Cruzeiro Real >>>RealCurrencies of Brazil from 1990 up to present days
5%
6 >>>28 >>>496The first three perfect numbers
1%
Pronghorn >>>Free-tailed Bat >>>CheetahFastest mammals in the world
1%

Score Distribution

Percentile by Number Answered

Percent of People with Each Score

Your Score History

You have not taken this quiz